=LDR 00000nam 2200000 4500 =001 INLIS000000000008358 =005 20200616114641 =035 ##$$a 0010-061300000008358 =008 200616################g##########0#ind## =041 ##$$a Ind =082 ##$$a 2x4.15 =090 ##$$a 2x4.15, Yur n =100 ##$$a Yunani, RM =245 1#$$a Ngalap berkah Hajjatur Rasul /$c RM Yunani =260 ##$$a Surabaya :$b Pustaka Progressip,$c 1996 =300 ##$$a 217 hlm, ; $c 17 x 12 cm. =650 #4$$a Haji =020 ##$$a 979-8956-10-9 =084 ##$$a 2x4.15 YUN n =990 ##$$a 123.369/pro-97 =990 ##$$a 123.631/Pb-97